000 00776nam a22002057a 4500
005 20251108165350.0
008 250721s1979 xx 000 0 ara d
082 1 4 _aم/016.081/مصر
245 1 0 _aسجل الأدباء :
_bسجل سنوي للتعريف بالكتب الأدبية التي تصدر في عام 1979 /
264 1 _aالقاهره :
_bالهيئة العامة للفنون و الاداب - قطاع الاداب،
_c1979.
300 _aمج
650 1 7 _aالأدب العربي
650 1 7 _aالببليوغرافيا الوطنية
650 1 7 _aمصر
650 1 7 _aرسائل الماجستير
650 1 7 _aرسائل الدكتوراة
710 2 _aمصر . وزارة الثقافة
_eتاليف
942 _2ddc
_cREF
999 _c26162
_d26162